| 000 | 01907nam a22002657a 4500 | ||
|---|---|---|---|
| 999 |
_c63103 _d63103 |
||
| 003 | Ge_BSU | ||
| 005 | 20250603114953.0 | ||
| 008 | 250603s2024 ge ||||| |||| 00| 0 geo d | ||
| 020 | _a9789941311956 | ||
| 041 | _ageo | ||
| 080 | _a51(075.3) მ-15 | ||
| 245 |
_aმათემატიკა : მე-8 კლასი : _bმოსწავლის წიგნი. ნაწილი 2 / _cგურამ გოგიშვილი, თეიმურაზ ვეფხვაძე, ია მებონია, ლამარა ქურჩიშვილი; რედაქტორი თეიმურაზ ვეფხვაძე; გარეკანის დიზაინერები: გურამ გოგიშვილი, ილია ხელაია. |
||
| 264 |
_aთბილისი : _bინტელექტი, _c2020. |
||
| 300 |
_a274 გვ. ; _b27 სმ. |
||
| 500 | _aგრიფმინიჭებულია საქართველოს განათლების, მეცნიერების, კულტურისა და სპორტის სამინისტროს მიერ 2020 წელს. | ||
| 653 | _aმათემატიკა | ||
| 700 |
_aგოგიშვილი, გ. _eავტორი _924285 |
||
| 700 |
_aვეფხვაძე, თეიმურაზ _eავტორი _925221 |
||
| 700 |
_aმებონია, ია _eავტორი _95603 |
||
| 700 |
_aქურჩიშვილი, ლ. _eავტორი _925219 |
||
| 700 |
_aვეფხვაძე, თ. _eრედაქტორი _925222 |
||
| 700 |
_aგოგიშვილი, გ. _eგარეკანის დიზაინერი _924285 |
||
| 700 |
_aხელაია, ილია _eგარეკანის დიზაინერი _914070 |
||
| 942 |
_2udc _cᲬᲘᲒᲜᲘ |
||